| Registos Bibliográficos associados ao registo de autoridade |
|
Etiqueta de registo: 00254nam 2200025 450 001 2202129 003 http://id.bnportugal.gov.pt/bib/catbnp/2202129 010 ## $a978-989-571-178-9 021 ## $aPT$b523419/23 100 ## $a20250109d2024 m y0pory01030103ba 101 1# $apor 102 ## $aPT 105 ## $ay z 000ay 106 ## $ar 200 1# $aJustiniano II$e o terror em Constantinopla$fJuan Carlos Moreno Delgado$gperfil psicológico Vicente Garrido$gtrad. Jorge Garcia 210 #9 $a[S.l.]$cAtlântico Press,$dcop. 2024 215 ## $a143 p.$d21cm 225 2# $aRostos do mal$v51 675 ## $a821.134.2-31"19/20"$vBN$zpor$31146519 675 ## $a32Justiniano II, Imperador Bizantino(0:82-31)$vBN$zpor$31943883 700 #1 $aMoreno Delgado,$bJuan Carlos,$f1970-$31917411 702 #1 $aGarrido,$bVicente,$f1958-$4205$31314385 702 #1 $aGarcia,$bJorge Filuzeau$4730$31032672 801 #0 $aPT$bBN$gRPC 856 41 $uhttp://rnod.bnportugal.gov.pt/ImagesBN/winlibimg.aspx?skey=&doc=2202129&img=204218&save=true 900 ## $aBIBNAC$d20250226 966 ## $lBN$mFGMON$sL. 175264 V.$x1 966 ## $lBN$mFGMON$sL. 175264 V.-D$x1 971 ## $corlando$d20250109 972 ## $e0$z0$d20250226$vasantos 973 ## $ctrodrigues$d20250206
Etiqueta de registo: 00254nam 2200025 450 001 2168416 003 http://id.bnportugal.gov.pt/bib/catbnp/2168416 010 ## $a978-989-571-170-3 021 ## $aPT$b523411/23 100 ## $a20240529d2024 m y0pory01030103ba 101 1# $apor 102 ## $aPT 105 ## $ay z 000ad 106 ## $ar 200 1# $aTamerlane$e o conquistador mais atroz$fJuan Carlos Moreno Delgado$gperfil psicológico Vicente Garrido$gtrad. Jorge Garcia 210 #9 $a[S.l.]$cAtlântico Press,$dcop. 2024 215 ## $a143 p.$d21cm 225 2# $aRostos do mal$v43 675 ## $a821.134.2-31"19/20"$vBN$zpor$31146519 675 ## $a32Tamerlane(0:82-31)$vBN$zpor$31917611 700 #1 $aMoreno Delgado,$bJuan Carlos,$f1970-$31917411 702 #1 $aGarrido,$bVicente,$f1958-$4205$31314385 702 #1 $aGarcia,$bJorge Filuzeau$4730$31032672 801 #0 $aPT$bBN$gRPC 856 41 $uhttp://rnod.bnportugal.gov.pt/ImagesBN/winlibimg.aspx?skey=&doc=2168416&img=194234&save=true 900 ## $aBIBNAC$d20240711 966 ## $lBN$mFGMON$sL. 171275 V.$x1 966 ## $lBN$mFGMON$sL. 171275 V.-D$x1 971 ## $corlando$d20240529 972 ## $d20240711$e0$vlrevez$z0 973 ## $cigoulao$d20240603
Etiqueta de registo: 00254nam 2200025 450 001 2202115 003 http://id.bnportugal.gov.pt/bib/catbnp/2202115 010 ## $a978-989-571-180-2 021 ## $aPT$b523421/23 100 ## $a20250109d2024 m y0pory01030103ba 101 1# $apor 102 ## $aPT 105 ## $ay z 000ab 106 ## $ar 200 1# $aSimon de Montfort$e o carrasco dos cátaros$fJuan Carlos Moreno Delgado$gperfil psicológico Vicente Garrido$gtrad. Jorge Garcia 210 #9 $a[S.l.]$cAtlântico Press,$dcop. 2024 215 ## $a141 p.$d21 cm 225 2# $aRostos do mal$v53 675 ## $a821.134.2-312.6"19/20"$vBN$zpor$31355064 675 ## $a929Montfort, Simon de(0:82-31)$vBN$zpor$31942458 700 #1 $aMoreno Delgado,$bJuan Carlos,$f1970-$31917411 702 #1 $aGarrido,$bVicente,$f1958-$4205$31314385 702 #1 $95$aGarcia,$bJorge$4730$31832189 801 #0 $aPT$bBN$gRPC 856 41 $uhttp://rnod.bnportugal.gov.pt/ImagesBN/winlibimg.aspx?skey=&doc=2202115&img=203589&save=true 900 ## $aBIBNAC$d20250211 966 ## $lBN$mFGMON$sL. 175075 V.$x1 966 ## $lBN$mFGMON$sL. 175075 V.-D$x1 971 ## $cabrito$d20250109 972 ## $d20250211$e0$vlrevez$z0 973 ## $cacosta$d20250123
Etiqueta de registo: 00000nam 2200025 450 001 2285022 003 http://id.bnportugal.gov.pt/bib/catbnp/2285022 010 ## $a978-989-571-586-2 021 ## $aPT$b552032/25 100 ## $a20260422d2025 m y0pory01030103ba 101 1# $apor 102 ## $aPT 105 ## $aa z 000yd 106 ## $ar 200 1# $aReinhard Heydrich$e a besta loira$ftextos Juan Carlos Moreno Delgado 210 #9 $a[S.l.]$cAtlântico Press,$dcop. 2025 215 ## $a139, [2] p.$cil.$d21 cm 225 2# $aProtagonistas da segunda guerra mundial$v18 675 ## $a355.48(100)"1939/1945"$vBN$zpor$3486605 675 ## $a351.74Heydrich, Reinhard $vBN$zpor$31999593 700 #1 $aMoreno Delgado,$bJuan Carlos,$f1970-$31917411 801 #0 $aPT$bBN$gRPC 856 41 $uhttp://rnod.bnportugal.gov.pt/ImagesBN/winlibimg.aspx?skey=&doc=2285022&img=222779&save=true 900 ## $aBIBNAC$d20260612 966 ## $lBN$mFGMON$sS.C. 169245 V.$x1 966 ## $lBN$mFGMON$sS.C. 169245 V.-D$x1 971 ## $corlando$d20260422 972 ## $e0$z0$d20260612$vlrevez 973 ## $ctrodrigues$d20260528
Etiqueta de registo: 00000nam 2200025 450 001 2285018 003 http://id.bnportugal.gov.pt/bib/catbnp/2285018 010 ## $a978-989-571-581-7 021 ## $aPT$b552026/25 100 ## $a20260422d2025 m y0pory01030103ba 101 1# $apor 102 ## $aPT 105 ## $aa z 000yd 106 ## $ar 200 1# $aOskar Schindler$e o nazi que salvou os judeus$ftextos Juan Carlos Moreno Delgado 210 #9 $a[S.l.]$cAtlântico Press,$dD.L. 2025 215 ## $a139, [2] p.$cil.$d21 cm 225 2# $aProtagonistas da Segunda Guerra Mundial$v13 675 ## $a355.48(100)"1939/1945"$vBN$zpor$3486605 675 ## $a929Schindler, Oskar$vBN$zpor$31999733 700 #1 $aMoreno Delgado,$bJuan Carlos,$f1970-$31917411 801 #0 $aPT$bBN$gRPC 856 41 $uhttp://rnod.bnportugal.gov.pt/ImagesBN/winlibimg.aspx?skey=&doc=2285018&img=222830&save=true 900 ## $aBIBNAC$d20260605 966 ## $lBN$mFGMON$sS.C. 169270 V.$x1 966 ## $lBN$mFGMON$sS.C. 169270 V.-D$x1 971 ## $corlando$d20260422 972 ## $e0$z0$d20260605$vlrevez 973 ## $ctrodrigues$d20260529
|
|
|